Statistics for 2019 NFL Draft

Click here to take the quiz!

General Stats

  • This quiz has been taken 662 times
  • The average score is 21 of 32

Answer Stats

Pick Team Position College Answer % Correct
1Arizona CardinalsQBOklahomaKyler Murray
99%
2San Francisco 49ersDEOhio StateNick Bosa
99%
6New York GiantsQBDukeDaniel Jones
96%
3New York JetsDTAlabamaQuinnen Williams
91%
15Washington RedskinsQBOhio StateDwayne Haskins
90%
11Cincinnati BengalsOTAlabamaJonah Williams
90%
7Jacksonville JaguarsOLBKentuckyJosh Allen
85%
8Detroit LionsTEIowaTJ Hockenson
83%
25Baltimore RavensWROklahomaMarquise Brown
82%
24Oakland RaidersRBAlabamaJosh Jacobs
81%
10Pittsburgh SteelersILBMichiganDevin Bush
81%
20Denver BroncosTEIowaNoah Fant
80%
32New England PatriotsWRArizona StateN'Keal Harry
79%
5Tampa Bay BuccaneersILBLSUDevin White
78%
4Oakland RaidersDEClemsonClelin Ferrell
77%
9Buffalo BillsDTHoustonEd Oliver
74%
12Green Bay PackersDEMichiganRashan Gary
65%
26Washington RedskinsDEMississippi StateMontez Sweat
60%
30New York GiantsCBGeorgiaDeandre Baker
58%
16Carolina PanthersOLBFlorida StateBrian Burns
57%
13Miami DolphinsDTClemsonChristian Wilkins
57%
17New York GiantsDTClemsonDexter Lawrence
55%
21Green Bay PackersSMarylandDarnell Savage Jr
51%
19Tennessee TitansDTMississippi StateJeffery Simmons
42%
27Oakland RaidersSMississippi StateJohnathan Abram
42%
18Minnesota VikingsCNC StateGarrett Bradbury
39%
22Philadelphia EaglesOTWashington StateAndre Dillard
38%
14Atlanta FalconsOGBoston CollegeChris Lindstrom
36%
28Los Angeles ChargersDTNotre DameJerry Tillery
34%
23Houston TexansOTAlabama StateTytus Howard
30%
29Seattle SeahawksDETCULJ Collier
29%
31Atlanta FalconsOTWashingtonKaleb McGary
25%

Score Distribution

Percentile by Number Answered

Percent of People with Each Score

Your Score History

You have not taken this quiz